000 00548nam a2200169 i 4500
001 63065
003 ES-MaACL
005 20250911063534.0
007 t|
008 031128m19201922sp ||||1| spa d
100 1 _aFernández de Velasco, Recaredo,
_dn. 1889-
_949721
245 1 0 _aResumen de Derecho administrativo y de Ciencia de la administración /
_cRecaredo Fernández de Velasco.
260 _aMurcia :
_b[s.n.,
_c1920-1922] (
_fSánchez)
300 _a2 v. ;
_c21 cm.
852 _aES-MaACL
_jB-3617-3618
999 _c63065
_d63065